LEADER 01212nam a2200313 u 4500 001 000000050223 003 CaOOAMICUS 005 20070226115210.0 008 000727n it u000 u ita u 020 $a8881660199 035 $a10853056 040 $aPUL$bita 041 1 $aita$hgre 100 1 $aYannaras, Christos,$d1935-$0(OLS)http://pul/name/31238 240 10$aAletheia kai enoteta tes Ekklesias.$lItaliano.$0(OLS)http://pul/title/67596 245 10$aVerità e unità della Chiesa /$cChristos Yannaras. 260 $aSotto il Monte (Bg) :$bServitium,$c[s.d.] 300 $a232 p. ;$c21 cm 490 1 $aEcumene ;$v5 504 $aBibliografia in nota. 650 4$aEresie ed eretici.$0(OLS)http://pul/subject/770 830 0$aEcumene ;$v5.$0(OLS)http://pul/title/66250 850 $aPUL 852 $aPUL$W1$xSL Religione 1$y3$m62 E 132$j66618$nBK-PRI$b $qStampati$B66618$CPULBib$Z2$F66618 $H $81 941 1 $a8 961 $aINV: 82530 996 $6020$a8881660199$9(OLS)http://pul/number/63543 996 $6245$aVerità e unità della Chiesa$9(OLS)http://pul/title/67597 996 $6260$aSotto il Monte (Bg) :$bServitium$9(OLS)http://pul/publisher/67245 LEADER 01402nam a2200325 u 4500 001 000000009969 003 CaOOAMICUS 005 20070226105249.0 008 940516s1992 fr u000 u fre u 020 $a2204046027 035 $a10248076 040 $aPUL$bita 041 1 $afre$alat 100 0 $aGaland,$cdi Reigny,$dm. 1128.$0(OLS)http://pul/name/9822 245 10$aParabolaire /$cGaland de Reigny ; introduction, texte critique, traduction, notes et index par Colette Friedlander, Jean Leclercq, Gaetano Raciti. 260 $aParis :$bLes Éditions du Cerf,$c1992. 300 $a470 p. ;$c20 cm 490 1 $aSources chrétiennes ;$v378 500 $aContiene indici. 700 1 $aRaciti, Gaetano,$cO.S.B.$0(OLS)http://pul/name/1983 700 1 $aLeclercq, Jean,$cO.S.B.,$d1911-1993.$0(OLS)http://pul/name/3420 700 1 $aFriedlander, Colette.$0(OLS)http://pul/name/9823 830 0$aSources chrétiennes,$x0750-1978 ;$v378.$0(OLS)http://pul/title/45 850 $aPUL 852 $aPUL$W1$xSL Religione 2$y84$mTheol E3 378$j14137$nBK-PRI$b $qStampati altre collocazioni$B14137$CPULBib$Z2$F14137 $H $81 941 1 $a10 961 $aINV: 88964 996 $6020$a2204046027$9(OLS)http://pul/number/12807 996 $6245$aParabolaire$9(OLS)http://pul/title/14592 996 $6260$aParis :$bLes Éditions du Cerf$9(OLS)http://pul/publisher/47861